000 01121nam a2200349 c 4500
001 11634
003 ES-MaCES
005 20141221122137.0
008 010205s2000 sp d s o000 | spa d
017 _aM 48285-2000
_bDL
020 _a8449104742
024 7 _a251-00-071-4
_2nipo
035 _aCES20010000549m
040 _aES-MaCES
_bspa
_cES-MaCES
245 0 3 _aLa alimentación en España, 1999
260 _a[Madrid]
_bDirección General de Alimentación
_c[2000]
300 _a558 p.
_bgráf. col.
_c24 cm
_e1 CD
500 _aDisponible también en CD
541 _cGratuito
650 4 _aalimentación
_928658
650 4 _aconsumo alimentario
_928671
650 4 _aEspaña
_926964
650 4 _a1999
_931200
650 4 _adatos estadísticos
_930765
653 1 0 _aEstadísticas sectoriales
710 1 _aEspaña
_bDirección General de Alimentación
_eed.
_92772
787 0 _tLa alimentación en España, 2000
_w(ES-MaCES)13502
787 0 _tLa alimentación en España 1998
_w(ES-MaCES)9929
902 _aLIB Libro
942 _2CES
_cBK
_h8.3.
999 _c11634
_d11634